000 00316nam a2200133Ia 4500
005 20260328101448.0
008 260328s9999||||xx |||||||||||||| ||und||
100 _aCollymore, Peter
245 0 _aRalph Erskine /
_cPeter Collymore
260 _bGustavo Gili
300 _a184 p.
650 _aARQUITECTOS
942 _cBK
999 _c8547
_d8547